000 00465nam a2200181Ia 4500
001 11611
005 20260306162840.0
008 260306t2015||||xx |||||||||||||| ||spa||
041 _aESP
082 _a985.4
_bT69
100 _aTomasio Bouroncle, Maria Eugenia
_eAUT
245 0 _aCuarenta y nueve manzanas:
_bcentro historico - arequipa
260 _c2015
300 _a194 páginas :
_c20 cm.
650 _aGEN
654 _aCHU
942 _cLIB
_dJUS
_fJUS
_2ddc
_n
999 _c11611
_d11611